000 00960nam a2200325Ia 4500
001 16925
003 IT-RoPAU
008 130308s9999 xx 000 0 und d
040 _aIT-RoPAU
040 _cIT-RoPAU
041 _aFRANCESE
100 _aCastel Robert
100 _gCodice Aut. SPICS: 8323
245 _aAmbition esthetique et aspirations sociales
245 _bUn Art Moyen-Essai Sur Les Usages Sociaux de la Photographie
250 _a1a ed.
260 _aPARIS
260 _bMinuit
260 _c1965 [1° Ed.:1965 - Ed.Ling.Originale:1965]
300 _a"30 p. (prefazione: no ; testo: 30 [pagine: 143-172])"
500 _aAmbizione Estetica e Aspirazioni Sociali Impazienza dei Limiti Pazienze del Mestiere
650 _aSAGGI DI FOTOGRAFIA
650 _eCodice materia Spics: 6761
700 _aSchnapper Dominique
700 _gCodice Aut. SPICS: 1463
942 _cBK
957 _71
999 _c51127
_d51127
999 _bSI
999 _g1